000 01130nam a2200253 a 4500
001 32858
003 BD-RjUL
005 20211209051915.0
008 190105s1971 us b 100 0 eng
035 _a(BD-RjUL)32948
040 _aDLC
_cDLC
_dDLC
_dBD-RjUL
_beng
041 _aeng
082 0 0 _a344.048
_223
_bWOR 1971
245 0 4 _aThe World population crisis :
_bpolicy implications and the role of law : proceedings of the American Society of International Law regional meeting and the John Bassett Moore Society of International Law symposium.
260 _aCharlottesville :
_bUniversity of Virginia School of Law,
_c1971.
300 _avi, 179 p. :
_c24 cm.
500 _aReprint of the ed. published by John Bassett Moore Society of International Law, Charlottesville, Va.
504 _aIncludes bibliographical references.
650 0 _aPopulation
_xLaw and legislation
_xCongresses.
_9226554
650 0 _aBirth control
_xLaw and legislation
_xCongresses.
_9226555
710 2 _aAmerican Society of International Law.
_9226556
710 2 _aJohn Bassett Moore Society of International Law.
_9226557
942 _2ddc
_cRAR
999 _c32858
_d32858